23 Greek Logos Quiz - Statistics

General Stats
  • This quiz has been taken 6 times
  • The average score is 11 of 23
Answer Stats
Picture Answer % Correct
Alpha
100%
Νουνού
67%
ΔΕΗ
67%
ΕΛΤΑ
67%
Amita
67%
Nova
67%
Village
67%
What’s Up
67%
Λουμίδης
33%
Ελευθεροτυπία
33%
Εβγα
33%
Εοπυυ
33%
Κρίς Κρίς
33%
Τραμ
33%
Ρυθμός
33%
Γρηγόρης
33%
3Άλφα
33%
Aegean
33%
Audio Visual
33%
Goodys
33%
Mega Channel
33%
Ote Tv
33%
You.gr
33%
No matching quizzes found
Score Distribution
Percent of People with Each Score
Percentile by Number Answered
Your Score History
You have not taken this quiz